000 00452nam a2200169 a 4500
001 18670
005 20180713212011.0
008 140415s1970 ag 000 0 spa d
041 _aspa
082 _a307.76
_bENI
245 0 3 _aEL ENIGMA METROPOLITANO
250 _a1a ed.
260 _aARGENTINA :
_bEDICIONES INFINITO,
_c1970
300 _a382
490 _aBIBLIOTECA DE PLANEACION Y VIVIENDA
_v13
650 1 4 _aSOCIOLOGIA URBANA
999 _c18670
_d18670